Представление документа в формате RUSMARC

ПолеНазваниеЗначение
  Тип записи a
  Библиографический уровень m
001 Контрольный номер RU/SLIB/B/208724254
005 Дата корректировки 20231123124207.3
010 Индекс ISBN __
d Цена 600-00
101 Язык документа 0_
a Язык текста rus
200 Заглавие и сведения об ответственности 0_
a Заглавие Германская Демократическая Республика: Экономико-географическая характеристика
b Общее обозначение материала Текст
210 Выходные данные 1_
a Место издания М.
c Издательство Мысль
d Дата издания 1984
215 Физическое описание __
a Объем 240 с.
c Иллюстрации/тип воспроизводства ил
606 Тематические рубрики __
a Основная рубрика История
y Географическая подрубрика Германия; ГДР
606 Тематические рубрики __
a Основная рубрика Европа с 1918 г. -
610 Ключевые слова 0_
a Ключевые слова страноведение
686 Индексы других классификаций __
a Классификационный индекс 63.3(4Гем)6
801 Источник записи _0
a Страна RU
b Организация Муниципальное бюджетное учреждение культуры "Централизованная библиотечная система" г. Сургут (Центральная городская библиотека им. А. С. Пушкина)
g Правила каталогизации КиК/Лебедева
801 Источник записи _1
a Страна RU
b Организация Муниципальное бюджетное учреждение культуры "Централизованная библиотечная система" г. Сургут (Центральная городская библиотека им. А. С. Пушкина)
g Правила каталогизации КиК/Лебедева
852 Данные о местонахождении __
j Шифр хранения 63.3(4Гем)6
c Каталожный индекс 63.3(4Гем)
i Авторский знак Г 38
p Инвентарный номер 59262
901 Тип документа __
t Тип документа m
990 Данные о заказе (DOS) __
j Количество экземпляров (DOS) 1
t N записи в КСУ для И/У (DOS) 199701